La industrialización el capitalismo y el "trabajo" femenino en Guatemala /
Zapisane w:
| 1. autor: | |
|---|---|
| Format: | Texto |
| Hasła przedmiotowe: | |
| Etykiety: |
Dodaj etykietę
Nie ma etykietki, Dołącz pierwszą etykiete!
|
MARC
| LEADER | 00000 a a2200000 04500 | ||
|---|---|---|---|
| 001 | 45367 | ||
| 003 | |||
| 040 | |||
| 090 | |a REV0780 (9)1980 | ||
| 100 | |a Stoltz Chinchilla, Norma | ||
| 245 | |a La industrialización el capitalismo y el "trabajo" femenino en Guatemala / |c Norma Stoltz Chinchilla | ||
| 650 | |a TRABAJADORAS | ||
| 650 | |a MUJERES | ||
| 650 | |a GUATEMALA | ||
| 650 | |a CAPITALISMO | ||
| 650 | |a EMPLEO | ||
| 650 | |a DIVISION DEL TRABAJO | ||
| 650 | |a INDUSTRIA | ||
| 773 | |g número9, II Epoca (1980), páginas 7-20 | ||
| 999 | |c 25085 |d 25085 | ||
